000 00406nam a2200157Ia 4500
003 OSt
005 20230524143855.0
008 211028s2019 xx 000 0 und d
040 _cAIMIT LIBRARY
041 _aeng
100 _aShashidhara; Lazardo, Suman.
_98873
_e171923
110 _aMohammed Riyaz
_98874
245 _aSubscription management system.
260 _aBengaluru
_c2019
942 _2ddc
_cPRO
999 _c220101
_d220101